<?xml version="1.0" encoding="UTF-8"?>
<record
    xmlns:xsi="http://www.w3.org/2001/XMLSchema-instance"
    xsi:schemaLocation="http://www.loc.gov/MARC21/slim http://www.loc.gov/standards/marcxml/schema/MARC21slim.xsd"
    xmlns="http://www.loc.gov/MARC21/slim">

  <leader>00563nam a22001577a 4500</leader>
  <controlfield tag="003">OSt</controlfield>
  <controlfield tag="005">20151102143208.0</controlfield>
  <controlfield tag="008">151102b        xxu||||| |||| 00| 0 eng d</controlfield>
  <datafield tag="040" ind1=" " ind2=" ">
    <subfield code="c">RUA</subfield>
  </datafield>
  <datafield tag="082" ind1=" " ind2=" ">
    <subfield code="a">FOR &#x179F;&#x17B9;&#x1798; 1992 B117 O.1</subfield>
  </datafield>
  <datafield tag="100" ind1=" " ind2=" ">
    <subfield code="9">3186</subfield>
    <subfield code="a">&#x179F;&#x17B9;&#x1798;&#x200B;&#x179F;&#x17CA;&#x17B8;&#x179A;&#x17C9;&#x17B6;&#x178E;&#x17BC;</subfield>
  </datafield>
  <datafield tag="245" ind1=" " ind2=" ">
    <subfield code="a">&#x1780;&#x17B6;&#x179A;&#x179F;&#x17D2;&#x179A;&#x17C4;&#x1785;&#x179F;&#x17D2;&#x179A;&#x1784;&#x17CB;&#x1792;&#x1793;&#x1792;&#x17B6;&#x1793;&#x1796;&#x17D2;&#x179A;&#x17C3;&#x1788;&#x17BE;&#x1780;&#x17D2;&#x179A;&#x17C4;&#x1799;&#x179F;&#x1784;&#x17D2;&#x179A;&#x17B6;&#x1798; &#x1793;&#x17C5;&#x1780;&#x17D2;&#x1793;&#x17BB;&#x1784;&#x1781;&#x17C1;&#x178F;&#x17D2;&#x178F;&#x1780;&#x17C6;&#x1796;&#x1784;&#x17CB;&#x1786;&#x17D2;&#x1793;&#x17B6;&#x17C6;&#x1784;</subfield>
  </datafield>
  <datafield tag="260" ind1=" " ind2=" ">
    <subfield code="a">Phmon Penh</subfield>
    <subfield code="b">RUA</subfield>
    <subfield code="c">1992</subfield>
  </datafield>
  <datafield tag="300" ind1=" " ind2=" ">
    <subfield code="a">73p.</subfield>
    <subfield code="b">ill.</subfield>
    <subfield code="c">29cm.</subfield>
  </datafield>
  <datafield tag="942" ind1=" " ind2=" ">
    <subfield code="2">ddc</subfield>
    <subfield code="c">FOR</subfield>
  </datafield>
  <datafield tag="999" ind1=" " ind2=" ">
    <subfield code="c">2973</subfield>
    <subfield code="d">2973</subfield>
  </datafield>
  <datafield tag="952" ind1=" " ind2=" ">
    <subfield code="0">0</subfield>
    <subfield code="1">0</subfield>
    <subfield code="2">ddc</subfield>
    <subfield code="4">0</subfield>
    <subfield code="6">FOR_&#x179F;&#x17B9;&#x1798;_1992_000000000000000_B117_OR_1</subfield>
    <subfield code="7">0</subfield>
    <subfield code="9">14200</subfield>
    <subfield code="a">LBB</subfield>
    <subfield code="b">LBB</subfield>
    <subfield code="c">B117</subfield>
    <subfield code="d">2015-11-02</subfield>
    <subfield code="o">FOR &#x179F;&#x17B9;&#x1798; 1992 B117 Or.1</subfield>
    <subfield code="p">RUA026240</subfield>
    <subfield code="r">2015-11-02</subfield>
    <subfield code="w">2015-11-02</subfield>
    <subfield code="y">FOR</subfield>
  </datafield>
  <datafield tag="952" ind1=" " ind2=" ">
    <subfield code="0">0</subfield>
    <subfield code="1">0</subfield>
    <subfield code="2">ddc</subfield>
    <subfield code="4">0</subfield>
    <subfield code="6">FOR_&#x179F;&#x17B9;&#x1798;_1992_000000000000000_B117_OR_2</subfield>
    <subfield code="7">0</subfield>
    <subfield code="9">14201</subfield>
    <subfield code="a">LBB</subfield>
    <subfield code="b">LBB</subfield>
    <subfield code="c">B117</subfield>
    <subfield code="d">2015-11-02</subfield>
    <subfield code="o">FOR &#x179F;&#x17B9;&#x1798; 1992 B117 Or.2</subfield>
    <subfield code="p">RUA026470</subfield>
    <subfield code="r">2015-11-02</subfield>
    <subfield code="w">2015-11-02</subfield>
    <subfield code="y">FOR</subfield>
  </datafield>
  <datafield tag="952" ind1=" " ind2=" ">
    <subfield code="0">0</subfield>
    <subfield code="1">0</subfield>
    <subfield code="2">ddc</subfield>
    <subfield code="4">0</subfield>
    <subfield code="6">FOR_&#x179F;&#x17B9;&#x1798;_1992_000000000000000_B117_OR_3</subfield>
    <subfield code="7">0</subfield>
    <subfield code="9">14202</subfield>
    <subfield code="a">LBB</subfield>
    <subfield code="b">LBB</subfield>
    <subfield code="c">B117</subfield>
    <subfield code="d">2015-11-02</subfield>
    <subfield code="o">FOR &#x179F;&#x17B9;&#x1798; 1992 B117 Or.3</subfield>
    <subfield code="p">RUA027823</subfield>
    <subfield code="r">2015-11-02</subfield>
    <subfield code="w">2015-11-02</subfield>
    <subfield code="y">FOR</subfield>
  </datafield>
</record>
